000 00991nam a2200265 i 4500
003 DO-SdBNP
005 20250402101953.0
007 ta
008 230713b1980 dr ac||| |||| 00| 0 spa d
040 _aDO-SdBNP
_bspa
_cBNPHU
_drda
082 4 _a972.93054
_bH223c
_222
100 1 _aHermann, Hamlet,
_d1934-2016
_eautor
_4aut.
_936649
245 1 0 _aCaracoles, la guerrilla de Caamaño /
_cHamlet Hermann
264 1 _aSanto Domingo :
_bAlfa y Omega,
_c1980.
300 _a258 páginas :
_bilustraciones, retratos ;
_c21 cm.
336 _atexto
_btxt
_2rdacontent
337 _asin mediación
_bn
_2rdamedia
338 _avolumen
_bnc
_2rdacarrier
500 _aIncluye datos biográficos del autor en la solapa de la cubierta
590 _aInventariado, 2023/BT
600 1 4 _aCaamaño Deñó, Francisco Alberto.
_d1932-1973
_983756
650 4 _aGuerrillas
_zRepública Dominicana
_vBiografías
_910027
651 4 _aRepública Dominicana
_xHistoria
_yRevolución, 1973
_914290
942 _2ddc
_cLBS1
999 _c54167
_d54167